000 00779nab a2200241 u 4500
001 15805
003 HDC
007 cr bn ---aaaaa
008 210219c |r|noo 0 a eng d
040 _aHDC
245 0 _aNew Zealand hopes for increased beef trade to Malaysia
260 _a[no place] :
_b[publisher not identified],
_c2010
336 _atext
_2rdacontent
337 _acomputer
_2rdamedia
338 _aonline resource
_2rdacarrier
650 _aBeef trade
_915859
650 _aHalal food
_950
710 _aHalal media
856 _zRequest full-text at [email protected]
942 _2lcc
942 _cNEWS
942 _kNWSO 004751
999 _c13121
_d13121